| 000 | 00367nam a2200133Ia 4500 | ||
|---|---|---|---|
| 008 | 190216s9999||||xx |||||||||||||| ||und|| | ||
| 100 | _aBernard Sklar. Pabitra Kumar Ray | ||
| 245 | 0 | _aDigital Communications Fundamentals And Applications | |
| 250 | _a2nd ed | ||
| 260 |
_bPearson Education International _c2010 |
||
| 300 | _a1137 | ||
| 650 | _aPhysics | ||
| 942 | _cBK | ||
| 999 |
_c34405 _d34405 |
||